La Ghigliottina #15 - Statistics

Statistiche generali
  • Questo quiz è stato fatto 138 volte
  • Il punteggio medio è 5 su 6
Statistiche sulle risposte
Scelta Risposta % Corretto
Chef o Champagne? Chef
100%
Pirata o Parata? Pirata
100%
Prete o Parete? Prete
100%
Nuotatore o Pescatore? Pescatore
99%
Cowboy o Pistola? Cowboy
98%
PAROLA Cappello
42%
Nessun quiz corrispondente trovato
Distribuzione punteggi
Percentuale di utenti per punteggio
Percentile per numero di risposta
I tuoi punteggi nel tempo
Non hai fatto questo quiz